000 00292nam a22001217a 4500
008 230704b xxu||||| |||| 00| 0 eng d
020 _a0421781408Hb
082 _26
_a341
_bHAR
245 _aInternational Law
260 _aLondon
_bSwet & Maxwell
_c2004
300 _aLXI,1152p
942 _2ddc
_cBK
999 _c3890
_d3890